Méthode pour le commentaire et la dissertation historiques /
Guardado en:
| Autor Principal: | |
|---|---|
| Otros Autores: | |
| Formato: | Libro |
| Publicado: |
Eure :
Armand Colin,
2005
|
| Edición: | 2a. ed. |
| Materias: | |
| Etiquetas: |
Agregar Etiqueta
Sin Etiquetas, Sea el primero en etiquetar este registro!
|
| LEADER | 00717nam a22002295a 4500 | ||
|---|---|---|---|
| 001 | EHU.bham045342 | ||
| 003 | AR-BHAM | ||
| 005 | 20180817133219.0 | ||
| 008 | 130507s2005##################000#0#####d | ||
| 020 | |a 2200342438 | ||
| 082 | 8 | 0 | |a 808.06 |
| 100 | 1 | |a Milliot, Vincent | |
| 245 | 1 | 0 | |a Méthode pour le commentaire et la dissertation historiques / |c Vincent Milliot, Olivier Wieviorka |
| 250 | |a 2a. ed. | ||
| 260 | |a Eure : |b Armand Colin, |c 2005 | ||
| 300 | |a 128 p. | ||
| 653 | |a Lingüística | ||
| 653 | |a Discurso-análisis del | ||
| 653 | |a Disertación histórica | ||
| 653 | |a Investigación-metodología de la | ||
| 700 | 1 | |a Wieviorka, Olivier | |
| 859 | |a AR-BHAM |b BIB. HUMANIDADES - General |h 808.06 |i M599 |p 449.09 |t Ej.1 | ||
